[Event "Titled Tuesday intern op 13th Feb Early"]
[Site "Chess.com INT"]
[Date "2024.02.13"]
[Round "4"]
[White "Starozhilov, Leonid"]
[Black "Andreikin, Dmitry"]
[Result "0-1"]
[WhiteElo "2285"]
[BlackElo "2729"]
[PlyCount "102"]
[EventDate "2024.02.13"]
[EventType "swiss (blitz)"]
[EventRounds "11"]
[EventCountry "USA"]
[SourceTitle "CB08_2024"]
[SourceDate "2024.02.21"]
[SourceVersion "1"]
[SourceVersionDate "2024.02.21"]
[SourceQuality "1"]

1. e4 c5 2. Nf3 e6 3. c4 Nc6 4. Nc3 e5 5. Bd3 d6 6. Bc2 g6 7. d3 Bg7 8. Nd5 Nge7 9. Bg5 h6 10. Bxe7 Nxe7 11. Ba4+ Kf8 12. 0-0 h5 13. a3 Nxd5 14. cxd5 Bg4 15. h3 Qf6 16. b4 Rc8 17. Rc1 Bh6 18. Rc3 Bxf3 19. Qxf3 Qxf3 20. gxf3 Ke7 21. bxc5 Rxc5 22. Rxc5 dxc5 23. Rb1 b6 24. Bb5 Kd6 25. a4 Bd2 26. Kf1 Bc3 27. Ke2 Ra8 28. Ba6 Rb8 29. Bb5 Bd4 30. Rg1 Ra8 31. Ba6 Rd8 32. Bb5 Kc7 33. Bc4 Rd6 34. Ba6 Rf6 35. Rg3 Rf4 36. Rg1 Rh4 37. Rg3 Kd6 38. Bc4 Bb2 39. Bb5 Bc1 40. Kf1 Bf4 41. Kg1 Bh6 42. Kg2 Bg7 43. Bc4 Bf6 44. Kg1 Rf4 45. Kg2 Bh4 46. Bb5 Rf6 47. Bc4 Ke7 48. Bb5 Kd6 49. Bc4 Kc7 50. Bb5 Kb7 51. Bc4 a6 0-1

[Event "Titled Tuesday intern op 13th Feb Early"]
[Site "Chess.com INT"]
[Date "2024.02.13"]
[Round "9"]
[White "Starozhilov, Leonid"]
[Black "Santos Flores, Alberto Javier"]
[Result "0-1"]
[WhiteElo "2285"]
[BlackElo "2183"]
[PlyCount "114"]
[EventDate "2024.02.13"]
[EventType "swiss (blitz)"]
[EventRounds "11"]
[EventCountry "USA"]
[SourceTitle "CB08_2024"]
[SourceDate "2024.02.21"]
[SourceVersion "1"]
[SourceVersionDate "2024.02.21"]
[SourceQuality "1"]

1. e4 e6 2. d4 d5 3. e5 c5 4. c3 Qb6 5. Nf3 Nc6 6. a3 a5 7. Bd3 Bd7 8. Bc2 a4 9. 0-0 Nh6 10. Bxa4 Nxe5 11. Bxd7+ Nxd7 12. Bxh6 Qxb2 13. Nbd2 gxh6 14. Rb1 Qxc3 15. Rxb7 cxd4 16. Qb1 Qa5 17. Rxd7 Kxd7 18. Qb7+ Kd6 19. Rc1 Ra6 20. Qb8+ Ke7 21. Rc7+ Kf6 22. Qd8+ Kg7 23. Qd7 Be7 24. Qxe7 Rf8 25. g3 Qxa3 26. Qd7 Qd6 27. Nxd4 Qxd7 28. Rxd7 Kf6 29. f4 Ra2 30. N4f3 Rc8 31. Kf2 Rcc2 32. Ke2 Rcb2 33. Rc7 Rc2 34. Rb7 Rab2 35. Rd7 Ra2 36. h3 Rcb2 37. g4 Ra4 38. Ke3 Ra3+ 39. Ke2 Raa2 40. Ke3 Ra3+ 41. Ke2 Rxf3 42. Kxf3 Rxd2 43. h4 Rd3+ 44. Kf2 Rd4 45. Kf3 Re4 46. g5+ hxg5 47. hxg5+ Kg6 48. Rd8 h6 49. Rg8+ Kh7 50. Rf8 hxg5 51. Rxf7+ Kg6 52. Re7 gxf4 53. Kg4 Kf6 54. Re8 Ke5 55. Rf8 d4 56. Rd8 Re3 57. Re8 d3 0-1

[Event "Titled Tuesday intern op 06th Feb Early"]
[Site "Chess.com INT"]
[Date "2024.02.06"]
[Round "7"]
[White "Antoniou, Rafail"]
[Black "Starozhilov, Leonid"]
[Result "0-1"]
[WhiteElo "2036"]
[BlackElo "2285"]
[PlyCount "152"]
[EventDate "2024.02.06"]
[EventType "swiss (blitz)"]
[EventRounds "11"]
[EventCountry "USA"]
[SourceTitle "CB07_2024"]
[SourceDate "2024.02.14"]
[SourceVersion "1"]
[SourceVersionDate "2024.02.14"]
[SourceQuality "1"]

1. c4 Nf6 2. Nf3 g6 3. Nc3 Bg7 4. e4 d6 5. d4 Bg4 6. Be2 0-0 7. 0-0 a6 8. Be3 Nfd7 9. h3 Bxf3 10. Bxf3 c5 11. d5 b5 12. cxb5 axb5 13. Nxb5 Bxb2 14. Rb1 Bf6 15. a4 Qa5 16. Ra1 Bxa1 17. Qxa1 Qxa4 18. Qb2 Qb4 19. Rb1 Qxb2 20. Rxb2 Na6 21. Be2 Rfb8 22. Rd2 Nb4 23. Bg5 f6 24. Be3 Ra2 25. Nc7 Rxd2 26. Bxd2 Rb7 27. Ne6 Nf8 28. Nf4 Ra7 29. Bb5 Ra1+ 30. Kh2 Ra2 31. Be3 Nc2 32. Bc4 Rb2 33. Bc1 Rb4 34. Bd3 Nd4 35. Be3 Nd7 36. Ba6 Ne5 37. Bc8 Rb8 38. Ba6 Kg7 39. h4 h5 40. f3 Rb2 41. Kh3 Rb3 42. Bxd4 cxd4 43. Ne6+ Kf7 44. Nxd4 Rb1 45. Bc8 g5 46. hxg5 fxg5 47. Ne6 Kf6 48. Nf8 h4 49. Kh2 g4 50. fxg4 Kg5 51. Ne6+ Kxg4 52. Nd4+ Kf4 53. Ne2+ Ke3 54. Ba6 Rb2 55. Nc3 Kd4 56. Nb5+ Rxb5 57. Bxb5 Kxe4 58. Bc6 Kf4 59. Kh3 Kg5 60. g3 hxg3 61. Kxg3 Kf5 62. Bb7 Ke4 63. Kf2 Nd3+ 64. Kg3 Nb4 65. Kf2 Nxd5 66. Ke2 e5 67. Ba8 Kd4 68. Kd2 Nf4 69. Bh1 d5 70. Ke1 e4 71. Kd2 e3+ 72. Ke1 Kd3 73. Bf3 d4 74. Bd1 e2 75. Ba4 Ke3 76. Bc6 Nd3# 0-1

[Event "Titled Tuesday intern op 06th Feb Early"]
[Site "Chess.com INT"]
[Date "2024.02.06"]
[Round "4"]
[White "Kochiev, Ivan"]
[Black "Starozhilov, Leonid"]
[Result "1-0"]
[WhiteElo "2051"]
[BlackElo "2285"]
[PlyCount "113"]
[EventDate "2024.02.06"]
[EventType "swiss (blitz)"]
[EventRounds "11"]
[EventCountry "USA"]
[SourceTitle "CB07_2024"]
[SourceDate "2024.02.14"]
[SourceVersion "1"]
[SourceVersionDate "2024.02.14"]
[SourceQuality "1"]

1. e4 g6 2. d4 Bg7 3. c3 d6 4. Bd3 Nf6 5. f4 0-0 6. Nf3 c5 7. e5 Nd5 8. 0-0 cxd4 9. cxd4 Nc6 10. Nc3 dxe5 11. fxe5 Bg4 12. Be4 Nb6 13. Ne2 f6 14. exf6 exf6 15. h3 Bxf3 16. Bxf3 f5 17. Be3 Kh8 18. Rc1 Nd5 19. Bf2 Qd7 20. Nc3 Nb6 21. d5 Ne5 22. Bd4 Rac8 23. b3 Rfe8 24. Qd2 Kg8 25. Bxb6 axb6 26. Be2 Nf7 27. Bb5 Bxc3 28. Bxd7 Bxd2 29. Rxc8 Rxc8 30. Bxc8 Nd6 31. Be6+ Kf8 32. Rd1 Bc3 33. Rc1 Bd4+ 34. Kf1 Bc5 35. a3 Bxa3 36. Rc7 h5 37. Ke2 Bc5 38. Kf3 h4 39. Kf4 Ne4 40. Ke5 Nd6 41. Kf6 Ne4+ 42. Kxg6 Ke8 43. Rxb7 Kd8 44. Rd7+ Ke8 45. Rh7 Nd6 46. Bxf5 Kd8 47. Be6 Ne4 48. Rxh4 Nd6 49. Rf4 Ke7 50. h4 Be3 51. Rf3 Bd4 52. h5 Ne8 53. h6 Nf6 54. h7 Ne8 55. Rf7+ Kd6 56. Rd7+ Ke5 57. Rd8 1-0

[Event "Titled Tuesday intern op 06th Feb Early"]
[Site "Chess.com INT"]
[Date "2024.02.06"]
[Round "6"]
[White "Seletsky, Grigory"]
[Black "Starozhilov, Leonid"]
[Result "0-1"]
[WhiteElo "2181"]
[BlackElo "2285"]
[PlyCount "118"]
[EventDate "2024.02.06"]
[EventType "swiss (blitz)"]
[EventRounds "11"]
[EventCountry "USA"]
[SourceTitle "CB07_2024"]
[SourceDate "2024.02.14"]
[SourceVersion "1"]
[SourceVersionDate "2024.02.14"]
[SourceQuality "1"]

1. Nf3 Nf6 2. b3 d5 3. Bb2 Bg4 4. Ne5 Bf5 5. d3 e6 6. Nd2 h6 7. g3 Nbd7 8. Ndf3 c6 9. Bg2 a5 10. a3 Be7 11. 0-0 0-0 12. c4 Bh7 13. Qc2 Nxe5 14. Nxe5 Nd7 15. Nxd7 Qxd7 16. c5 Rfe8 17. Rfc1 Bf8 18. b4 e5 19. e4 d4 20. f4 f5 21. exf5 Qxf5 22. Be4 Qg4 23. fxe5 Bxe4 24. dxe4 Rxe5 25. Re1 Rae8 26. Bxd4 Rxe4 27. Bf2 axb4 28. axb4 Rxe1+ 29. Rxe1 Rxe1+ 30. Bxe1 Be7 31. Qd3 Bf6 32. Kg2 h5 33. h3 Qe6 34. Bd2 Kf7 35. Qf3 g6 36. Qd3 Ke7 37. Qf3 Qa2 38. Qe4+ Kf7 39. Qd3 Bg5 40. Qd7+ Be7 41. Qd3 Qe6 42. Qf3+ Ke8 43. Qd3 Bf6 44. Qf3 Kd7 45. Qf4 Kc8 46. Qf3 Be7 47. Qd3 Kb8 48. Bc3 Kc8 49. Qd4 Qf5 50. Qd2 Qe6 51. Qd3 Bd8 52. Qd2 Bc7 53. Qd3 Qd7 54. Qxd7+ Kxd7 55. Kf3 Ke6 56. g4 Kd5 57. gxh5 gxh5 58. Ke3 Kc4 59. Be1 Be5 0-1

[Event "Titled Tuesday intern op 06th Feb Early"]
[Site "Chess.com INT"]
[Date "2024.02.06"]
[Round "8"]
[White "Starozhilov, Leonid"]
[Black "Baches Garcia, Guillermo"]
[Result "1-0"]
[WhiteElo "2285"]
[BlackElo "2319"]
[PlyCount "59"]
[EventDate "2024.02.06"]
[EventType "swiss (blitz)"]
[EventRounds "11"]
[EventCountry "USA"]
[SourceTitle "CB07_2024"]
[SourceDate "2024.02.14"]
[SourceVersion "1"]
[SourceVersionDate "2024.02.14"]
[SourceQuality "1"]

1. e4 c5 2. Nf3 d6 3. Bb5+ Bd7 4. c4 Nf6 5. Nc3 g6 6. 0-0 Bg7 7. d4 cxd4 8. Nxd4 0-0 9. h3 a6 10. Bxd7 Nfxd7 11. Be3 Nc6 12. b3 Nc5 13. Rc1 Ne6 14. Nde2 Qa5 15. a4 Rfc8 16. Nd5 Nc5 17. b4 Nxb4 18. Nxe7+ Kh8 19. Nxc8 Rxc8 20. Qxd6 Nbd3 21. Rcd1 Rd8 22. Qe7 Rc8 23. Qxf7 Qxa4 24. Bd4 Bxd4 25. Nxd4 Qe8 26. Qf6+ Kg8 27. Nb3 Nxe4 28. Qf3 Nb2 29. Rde1 Rxc4 30. Nd2 1-0

[Event "Titled Tuesday intern op 06th Feb Early"]
[Site "Chess.com INT"]
[Date "2024.02.06"]
[Round "2"]
[White "Zeneli, Klendi"]
[Black "Starozhilov, Leonid"]
[Result "0-1"]
[WhiteElo "2177"]
[BlackElo "2285"]
[PlyCount "82"]
[EventDate "2024.02.06"]
[EventType "swiss (blitz)"]
[EventRounds "11"]
[EventCountry "USA"]
[SourceTitle "CB07_2024"]
[SourceDate "2024.02.14"]
[SourceVersion "1"]
[SourceVersionDate "2024.02.14"]
[SourceQuality "1"]

1. e4 g6 2. d4 Bg7 3. Nc3 d6 4. Be3 a6 5. Qd2 b5 6. h4 h5 7. 0-0-0 Nf6 8. f3 c6 9. Qf2 Qc7 10. Nh3 Bxh3 11. Rxh3 Nbd7 12. Kb1 0-0 13. Rg3 c5 14. dxc5 dxc5 15. Rg5 e6 16. g4 b4 17. Na4 hxg4 18. Nxc5 Nxc5 19. Rxc5 Qb7 20. Bd3 gxf3 21. Qxf3 Rad8 22. Rg1 b3 23. axb3 Rxd3 24. cxd3 Nd7 25. Rcg5 Qxb3 26. Bc1 Ne5 27. Qd1 Qxd3+ 28. Qxd3 Nxd3 29. h5 Nxc1 30. Kxc1 Bh6 31. hxg6 f6 32. g7 Rf7 33. Kc2 Bxg5 34. Rd1 Kxg7 35. Rd6 f5 36. Rxe6 f4 37. Kd1 f3 38. Ke1 Bh4+ 39. Kf1 Rd7 40. Kg1 Rd1+ 41. Kh2 f2 0-1

[Event "Titled Tuesday intern op 09th Jan Early"]
[Site "Chess.com INT"]
[Date "2024.01.09"]
[Round "7"]
[White "Starozhilov, Leonid"]
[Black "Drygalov, Sergey"]
[Result "0-1"]
[WhiteElo "2285"]
[BlackElo "2547"]
[PlyCount "216"]
[EventDate "2024.01.09"]
[EventType "swiss (blitz)"]
[EventRounds "11"]
[EventCountry "USA"]
[SourceTitle "CB03_2024"]
[SourceDate "2024.01.17"]
[SourceVersion "1"]
[SourceVersionDate "2024.01.17"]
[SourceQuality "1"]

1. e4 c5 2. Nf3 d6 3. Bb5+ Nd7 4. 0-0 a6 5. Bxd7+ Bxd7 6. Re1 e6 7. c4 Nf6 8. Nc3 Be7 9. d4 cxd4 10. Qxd4 Rc8 11. b3 b5 12. cxb5 axb5 13. Bb2 e5 14. Qd3 Qb6 15. a4 bxa4 16. Nxa4 Qb7 17. Ba3 Bb5 18. Qe3 0-0 19. h3 h6 20. Rad1 Rfd8 21. Nh4 Bf8 22. Nf5 Qa6 23. Qf3 Nh7 24. Qg3 g6 25. Bc1 h5 26. Ne3 Nf6 27. Qf3 Be7 28. Nd5 Nxd5 29. Rxd5 Bxa4 30. bxa4 Qxa4 31. Bh6 Rc4 32. g4 hxg4 33. hxg4 Rd4 34. Rxd4 Qxd4 35. Rd1 Qc4 36. Kg2 Rb8 37. g5 Rb2 38. Re1 d5 39. exd5 Bc5 40. Rxe5 Rxf2+ 41. Qxf2 Bxf2 42. Kxf2 Qd4+ 43. Re3 Qxd5 44. Kg3 Qd6+ 45. Kf3 Qd4 46. Re4 Qd3+ 47. Kf4 Qf1+ 48. Ke3 Qf5 49. Rf4 Qe5+ 50. Kf3 Qd5+ 51. Kg3 Qh1 52. Rf6 Qg1+ 53. Kf3 Qc1 54. Kg3 Qe1+ 55. Kf3 Qe5 56. Kg2 Qe4+ 57. Kf2 Qg4 58. Kf1 Qd1+ 59. Kf2 Qd3 60. Kg2 Qe3 61. Kf1 Qd2 62. Kg1 Qe2 63. Kh1 Qg4 64. Kh2 Qd4 65. Kg3 Qe4 66. Kf2 Qd3 67. Kg2 Qe3 68. Kh2 Qe1 69. Kg2 Qd1 70. Kg3 Qg1+ 71. Kf4 Qg2 72. Ke3 Qg4 73. Kf2 Qh3 74. Ke2 Qg3 75. Kf1 Qh2 76. Ke1 Qg2 77. Kd1 Qe4 78. Kd2 Qe5 79. Kd3 Qe1 80. Kd4 Qe2 81. Kd5 Qe3 82. Kd6 Qe4 83. Kd7 Qe5 84. Kd8 Qd5+ 85. Kc7 Qb5 86. Kd6 Qa5 87. Kc6 Qe5 88. Kd7 Qc5 89. Kd8 Qa7 90. Kc8 Qe7 91. Kb8 Qd7 92. Rb6 f5 93. gxf6 Qd5 94. f7+ Kxf7 95. Ka7 g5 96. Rb7+ Kg6 97. Rb6+ Kh5 98. Bf8 g4 99. Bd6 Qa2+ 100. Kb7 g3 101. Kc6 g2 102. Bc5 Qc2 103. Rb5 g1Q 104. Kb6 Qgg6+ 105. Ka5 Kg4 106. Bb4 Kf3 107. Rb6 Qxb6+ 108. Kxb6 Ke4 0-1

[Event "Titled Tuesday intern op 09th Jan Early"]
[Site "Chess.com INT"]
[Date "2024.01.09"]
[Round "1"]
[White "Starozhilov, Leonid"]
[Black "Mazurkiewicz, Michal"]
[Result "1-0"]
[WhiteElo "2285"]
[BlackElo "2145"]
[PlyCount "103"]
[EventDate "2024.01.09"]
[EventType "swiss (blitz)"]
[EventRounds "11"]
[EventCountry "USA"]
[SourceTitle "CB03_2024"]
[SourceDate "2024.01.17"]
[SourceVersion "1"]
[SourceVersionDate "2024.01.17"]
[SourceQuality "1"]

1. e4 d6 2. d4 Nf6 3. Nc3 c6 4. g3 b5 5. Bg2 e5 6. a3 Be7 7. Nge2 0-0 8. 0-0 Re8 9. h3 Nbd7 10. Be3 Bb7 11. Qd2 a5 12. d5 b4 13. axb4 axb4 14. Rxa8 Qxa8 15. dxc6 Bxc6 16. Nd5 Nxd5 17. exd5 Bb5 18. Re1 Rb8 19. Nc1 Nb6 20. Bxb6 Rxb6 21. Qxb4 Qb7 22. Qd2 h6 23. Nb3 Bg5 24. Qc3 Bf6 25. Na5 Qa6 26. Nc6 e4 27. Qa3 Bxc6 28. Qxa6 Rxa6 29. dxc6 Rxc6 30. Bxe4 Rc8 31. c3 Rb8 32. Re2 g6 33. h4 Kg7 34. Kf1 Rb5 35. Ke1 d5 36. Bd3 Rb6 37. Kd1 Rb8 38. Kc2 Rb7 39. Re1 Re7 40. Ra1 Rc7 41. Ra5 d4 42. c4 Be7 43. Rb5 Rc6 44. b4 Rf6 45. f4 g5 46. hxg5 hxg5 47. Rxg5+ Kf8 48. c5 Rh6 49. Rd5 Rh3 50. c6 Rxg3 51. c7 Rg2+ 52. Kb3 1-0

[Event "Titled Tuesday intern op 19th Dec Early"]
[Site "Chess.com INT"]
[Date "2023.12.19"]
[Round "6"]
[White "Baskakov, Egor"]
[Black "Starozhilov, Leonid"]
[Result "1-0"]
[WhiteElo "2215"]
[BlackElo "2285"]
[PlyCount "121"]
[EventDate "2023.12.19"]
[EventType "swiss (blitz)"]
[EventRounds "11"]
[EventCountry "USA"]
[SourceTitle "CB52_2023"]
[SourceDate "2023.12.27"]
[SourceVersion "1"]
[SourceVersionDate "2023.12.27"]
[SourceQuality "1"]

1. e4 c5 2. Nf3 e6 3. Be2 a6 4. c4 Nc6 5. Nc3 Nf6 6. 0-0 Qc7 7. d4 cxd4 8. Nxd4 Bb4 9. Bg5 Bxc3 10. Bxf6 gxf6 11. bxc3 Ne5 12. Qd2 d6 13. Qh6 Qe7 14. f4 Nc6 15. Rab1 Na5 16. Qh5 Qc7 17. Qh6 Qe7 18. e5 dxe5 19. fxe5 f5 20. Bh5 Bd7 21. Rxf5 exf5 22. e6 0-0-0 23. exd7+ Rxd7 24. Qb6 Nxc4 25. Qa7 Qe3+ 26. Kh1 Nd6 27. Bf3 Re8 28. h3 Kd8 29. Qb6+ Kc8 30. Qa7 Kd8 31. Bc6 Rc7 32. Qa8+ Ke7 33. Bxe8 Nxe8 34. Qb8 Qe5 35. Nf3 Qd6 36. Rxb7 Rxb7 37. Qxb7+ Qd7 38. Qxa6 Nd6 39. Qb6 Qe6 40. Nd4 Qe1+ 41. Kh2 Qe5+ 42. g3 Qe4 43. Qc7+ Kf6 44. Qxd6+ Kg7 45. Qf4 Qb1 46. Nxf5+ Kg6 47. Nh4+ Kg7 48. Qe5+ Kf8 49. Ng2 Qxa2 50. Qc5+ Kg7 51. c4 h5 52. Qxh5 Qxc4 53. Qg4+ Qxg4 54. hxg4 Kg6 55. Kh3 Kg5 56. Nh4 f6 57. Nf3+ Kg6 58. Kh4 f5 59. g5 f4 60. gxf4 Kf5 61. Kh5 1-0

[Event "Morshyn GP 3rd"]
[Site "Morshyn"]
[Date "2023.12.02"]
[Round "9"]
[White "Kepeshchuk, Mykhaylo"]
[Black "Starozhilov, Leonid"]
[Result "1-0"]
[WhiteElo "2269"]
[BlackElo "2285"]
[PlyCount "133"]
[EventDate "2023.12.02"]
[EventType "swiss (rapid)"]
[EventRounds "9"]
[EventCountry "UKR"]
[SourceTitle "CB49_2023"]
[SourceDate "2023.12.06"]
[SourceVersion "1"]
[SourceVersionDate "2023.12.06"]
[SourceQuality "1"]

1. d4 Nf6 2. c4 g6 3. Nc3 Bg7 4. e4 d6 5. Nf3 Bg4 6. Be2 a6 7. Be3 0-0 8. Rc1 Nc6 9. d5 Bxf3 10. Bxf3 Ne5 11. Be2 c6 12. 0-0 Rc8 13. f4 Ned7 14. Bf3 cxd5 15. cxd5 b5 16. Qd2 Qa5 17. a3 Rc4 18. Be2 Rc7 19. b4 Rxc3 20. bxa5 Nxe4 21. Rxc3 Nxd2 22. Bxd2 Bd4+ 23. Re3 Nc5 24. Kh1 Bxe3 25. Bxe3 Nb3 26. Rb1 Nxa5 27. Rc1 Rb8 28. Rc7 Kf8 29. Kg1 Nb3 30. Kf2 f6 31. Bd1 Na5 32. Be2 Nb3 33. Bd1 Na5 34. Ba7 Ra8 35. Be2 Kf7 36. Ke3 Nb3 37. Kd3 f5 38. Kc3 Na5 39. Kb4 Nc4 40. Bxc4 bxc4 41. Kxc4 h6 42. h4 Rg8 43. Be3 Rb8 44. Ra7 Rb2 45. Rxa6 Rxg2 46. a4 Rg3 47. Bd4 Rg4 48. a5 Rxf4 49. Ra8 Rf1 50. a6 Rc1+ 51. Kb3 Rd1 52. a7 Rxd4 53. Rb8 Rd3+ 54. Kc4 Ra3 55. a8Q Rxa8 56. Rxa8 g5 57. h5 Kg7 58. Kd4 Kf7 59. Ke3 Kg7 60. Kf3 Kf7 61. Ra1 e6 62. Ra7+ Kf6 63. Rh7 g4+ 64. Kg3 exd5 65. Rxh6+ Kg5 66. Rg6+ Kxh5 67. Rxd6 1-0

[Event "Lvov Buturina Memorial 3rd"]
[Site "Lvov"]
[Date "2023.11.17"]
[Round "6"]
[White "Bykovskiy, Oleg"]
[Black "Starozhilov, Leonid"]
[Result "1/2-1/2"]
[WhiteElo "2235"]
[BlackElo "2285"]
[PlyCount "23"]
[EventDate "2023.11.16"]
[EventType "swiss"]
[EventRounds "9"]
[EventCountry "UKR"]
[SourceTitle "CB49_2023"]
[SourceDate "2023.12.06"]
[SourceVersion "1"]
[SourceVersionDate "2023.12.06"]
[SourceQuality "1"]

1. e4 c5 2. Nf3 e6 3. g3 d6 4. Bg2 Nf6 5. Qe2 Be7 6. 0-0 0-0 7. c3 e5 8. d4 cxd4 9. cxd4 Bg4 10. dxe5 dxe5 11. h3 Bxf3 12. Qxf3 1/2-1/2

[Event "Lvov Buturina Memorial 3rd"]
[Site "Lvov"]
[Date "2023.11.16"]
[Round "2"]
[White "Voitychuk, Orest"]
[Black "Starozhilov, Leonid"]
[Result "0-1"]
[WhiteElo "1922"]
[BlackElo "2285"]
[PlyCount "108"]
[EventDate "2023.11.16"]
[EventType "swiss"]
[EventRounds "9"]
[EventCountry "UKR"]
[SourceTitle "CB49_2023"]
[SourceDate "2023.12.06"]
[SourceVersion "1"]
[SourceVersionDate "2023.12.06"]
[SourceQuality "1"]

1. d4 Nf6 2. c4 g6 3. Nc3 Bg7 4. e4 d6 5. h3 c5 6. Nf3 cxd4 7. Nxd4 Nc6 8. Be3 Bd7 9. Be2 0-0 10. 0-0 Rc8 11. Nf3 b6 12. Rc1 Re8 13. Nd2 Nb4 14. Qb3 Nc6 15. Qa3 Qc7 16. Rfd1 Qb8 17. b4 Be6 18. Nd5 Nd7 19. Nb3 a5 20. b5 Nd8 21. Nd4 Nc5 22. f3 Bd7 23. Bg5 Bxd4+ 24. Rxd4 Nde6 25. Be3 Nxd4 26. Bxd4 Be6 27. Qe3 Bxd5 28. cxd5 e5 29. dxe6 Nxe6 30. Rxc8 Rxc8 31. Bxb6 d5 32. e5 Rc2 33. Bf1 Rxa2 34. Bd4 Ra4 35. Ba7 Qb7 36. b6 Rb4 37. Kh2 a4 38. Qa3 Rxb6 39. Bxb6 Qxb6 40. Qxa4 Qf2 41. Qb5 Kg7 42. Qe2 Qd4 43. g3 g5 44. Bg2 h5 45. Qe1 h4 46. Kh1 hxg3 47. Qxg3 Qf4 48. Qe1 d4 49. Qe2 Qe3 50. Qxe3 dxe3 51. Kg1 Nf4 52. Bh1 Kg6 53. Kf1 Kf5 54. Ke1 Kxe5 0-1

[Event "Titled Tuesday intern op 12th Sep Early"]
[Site "Chess.com INT"]
[Date "2023.09.12"]
[Round "11"]
[White "Belozerov, Andrei"]
[Black "Starozhilov, Leonid"]
[Result "1/2-1/2"]
[WhiteElo "2411"]
[BlackElo "2287"]
[PlyCount "20"]
[EventDate "2023.09.12"]
[EventType "swiss (blitz)"]
[EventRounds "11"]
[EventCountry "USA"]
[SourceTitle "EXT 2024"]
[Source "ChessBase"]
[SourceDate "2023.10.10"]
[SourceVersion "1"]
[SourceVersionDate "2023.10.10"]
[SourceQuality "1"]

1. d4 Nf6 2. c4 g6 3. g3 Bg7 4. Bg2 0-0 5. Nc3 d6 6. Nf3 c6 7. 0-0 Bf5 8. b3 Ne4 9. Bb2 Nxc3 10. Bxc3 Be4 1/2-1/2

[Event "Titled Tuesday intern op 12th Sep Early"]
[Site "Chess.com INT"]
[Date "2023.09.12"]
[Round "3"]
[White "Starozhilov, Leonid"]
[Black "Martinez Alcantara, Jose Eduardo"]
[Result "0-1"]
[WhiteElo "2287"]
[BlackElo "2611"]
[PlyCount "128"]
[EventDate "2023.09.12"]
[EventType "swiss (blitz)"]
[EventRounds "11"]
[EventCountry "USA"]
[SourceTitle "EXT 2024"]
[Source "ChessBase"]
[SourceDate "2023.10.10"]
[SourceVersion "1"]
[SourceVersionDate "2023.10.10"]
[SourceQuality "1"]

1. e4 c5 2. Nf3 d6 3. Bb5+ Nd7 4. 0-0 Ngf6 5. Re1 e6 6. c4 Be7 7. Nc3 0-0 8. Bxd7 Bxd7 9. d4 cxd4 10. Nxd4 a6 11. b3 Qa5 12. Bb2 b5 13. cxb5 axb5 14. a4 bxa4 15. bxa4 Qb4 16. Qd2 Rfb8 17. Ndb5 Bxb5 18. axb5 Rxa1 19. Rxa1 Nxe4 20. Nxe4 Qxe4 21. Qc3 Bf8 22. Qb3 Qb7 23. Ra5 Qb6 24. Qa4 e5 25. h4 h6 26. Bc1 d5 27. h5 d4 28. Bd2 d3 29. Qe4 Qd6 30. Ra6 Qc5 31. Qxd3 Rxb5 32. Ra1 Rb8 33. Be3 Qc6 34. Qf5 Re8 35. Rc1 Qd6 36. Qe4 Qe6 37. Rc6 Qd7 38. Rc1 f5 39. Qc4+ Qf7 40. Qh4 f4 41. Bd2 Be7 42. Qh3 Rd8 43. Rc8 Qd5 44. Rxd8+ Bxd8 45. Bc3 Bf6 46. Qc8+ Kf7 47. Qf5 Ke7 48. Bb4+ Kd8 49. g4 Qd1+ 50. Kg2 Qd5+ 51. Kh2 Kc7 52. Bc3 Kc6 53. Qc2 Qc5 54. Qd3 Qxf2+ 55. Kh3 Qh4+ 56. Kg2 Qxg4+ 57. Kf1 Qe6 58. Ke1 Qd5 59. Qa6+ Kd7 60. Ba5 Qc6 61. Qa7+ Ke6 62. Bd2 Qh1+ 63. Ke2 Qxh5+ 64. Ke1 Qh4+ 0-1

[Event "Titled Tuesday intern op 22nd Aug Early"]
[Site "Chess.com INT"]
[Date "2023.08.22"]
[Round "2"]
[White "Bold, Andre"]
[Black "Starozhilov, Leonid"]
[Result "0-1"]
[WhiteElo "2194"]
[BlackElo "2294"]
[PlyCount "112"]
[EventDate "2023.08.22"]
[EventType "swiss (blitz)"]
[EventRounds "11"]
[EventCountry "USA"]
[SourceTitle "EXT 2024"]
[Source "ChessBase"]
[SourceDate "2023.10.10"]
[SourceVersion "1"]
[SourceVersionDate "2023.10.10"]
[SourceQuality "1"]

1. d4 Nf6 2. Nc3 d5 3. Bf4 a6 4. e3 c5 5. dxc5 Qa5 6. Nf3 Qxc5 7. Bd3 Bg4 8. 0-0 Nc6 9. e4 d4 10. Nb1 e5 11. Bg5 Be7 12. h3 Bh5 13. Nbd2 h6 14. Bh4 Nd7 15. Bxe7 Qxe7 16. g4 Bg6 17. Kg2 h5 18. g5 h4 19. Kh2 Nc5 20. Rg1 Bh5 21. Qe1 Bg6 22. Rg4 Nb4 23. Qe2 0-0-0 24. a3 Nbxd3 25. cxd3 Kb8 26. b4 Ne6 27. Rag1 Nf4 28. Qf1 Bh5 29. Rxf4 exf4 30. Nxh4 g6 31. f3 Rc8 32. Nc4 Qe6 33. Ng2 Rxc4 34. dxc4 Qe5 35. h4 f6 36. Qc1 fxg5 37. Ne1 d3 38. Nxd3 Qd4 39. Qc2 Rd8 40. Nc5 Bxf3 41. Rxg5 b6 42. Nxa6+ Kb7 43. b5 Bxe4 44. Qa2 Qd2+ 45. Qxd2 Rxd2+ 46. Kh3 Bf5+ 47. Rxf5 gxf5 48. h5 Rd8 49. Nb4 Rg8 50. Nd5 f3 51. Ne3 f2 52. h6 f4 53. Nf1 Rg1 54. h7 Rxf1 55. h8Q Rh1+ 56. Kg4 Rxh8 0-1

[Event "Titled Tuesday intern op 15th Aug Early"]
[Site "Chess.com INT"]
[Date "2023.08.15"]
[Round "5"]
[White "Colas, Joshua"]
[Black "Starozhilov, Leonid"]
[Result "1-0"]
[WhiteElo "2232"]
[BlackElo "2294"]
[PlyCount "93"]
[EventDate "2023.08.15"]
[EventType "swiss (blitz)"]
[EventRounds "11"]
[EventCountry "USA"]
[SourceTitle "EXT 2024"]
[Source "ChessBase"]
[SourceDate "2023.10.10"]
[SourceVersion "1"]
[SourceVersionDate "2023.10.10"]
[SourceQuality "1"]

1. Nf3 Nf6 2. c4 g6 3. b3 d6 4. Bb2 Bg7 5. d4 0-0 6. g3 Ne4 7. Bg2 c6 8. 0-0 Qa5 9. e3 Qh5 10. Nfd2 Qxd1 11. Rxd1 Nxd2 12. Rxd2 a5 13. Nc3 Na6 14. Na4 Bf5 15. Nb6 Ra7 16. e4 Bg4 17. h3 Be6 18. Rad1 Nb8 19. d5 Bc8 20. Bxg7 Kxg7 21. f4 Nd7 22. Nxc8 Rxc8 23. dxc6 bxc6 24. e5 c5 25. exd6 e6 26. Rd3 Rb8 27. Bc6 Rb6 28. Bb5 Rb8 29. g4 h6 30. Kg2 Rd8 31. f5 Kf6 32. fxe6 fxe6 33. Rf1+ Kg7 34. Re3 Nf8 35. Rd1 Rb7 36. Re5 Rb6 37. Rxc5 Rbxd6 38. Rc7+ Kf6 39. Rxd6 Rxd6 40. c5 Rd2+ 41. Kf3 g5 42. Be8 Ke5 43. c6 Kd6 44. Rf7 Ng6 45. Rd7+ Kxc6 46. Rxd2+ Kc5 47. Bxg6 1-0

[Event "Titled Tuesday intern op 15th Aug Early"]
[Site "Chess.com INT"]
[Date "2023.08.15"]
[Round "8"]
[White "Marn, Jan"]
[Black "Starozhilov, Leonid"]
[Result "1-0"]
[WhiteElo "2324"]
[BlackElo "2294"]
[PlyCount "101"]
[EventDate "2023.08.15"]
[EventType "swiss (blitz)"]
[EventRounds "11"]
[EventCountry "USA"]
[SourceTitle "EXT 2024"]
[Source "ChessBase"]
[SourceDate "2023.10.10"]
[SourceVersion "1"]
[SourceVersionDate "2023.10.10"]
[SourceQuality "1"]

1. Nf3 Nf6 2. g3 g6 3. b4 Bg7 4. Bb2 0-0 5. Bg2 c6 6. 0-0 d5 7. d3 Bg4 8. Ne5 Nbd7 9. Nxg4 Nxg4 10. Bxg7 Kxg7 11. c4 Ngf6 12. Nc3 e6 13. Qb3 a6 14. a4 Qe7 15. b5 axb5 16. axb5 Qc5 17. Na4 Qa7 18. b6 Qa5 19. Rfb1 Nc5 20. Nxc5 Qxc5 21. cxd5 exd5 22. Qb2 Rfe8 23. e3 Rxa1 24. Rxa1 d4 25. Qxd4 Qxd4 26. exd4 Rd8 27. Ra7 Rb8 28. Kf1 Kf8 29. Ke2 Nd5 30. Bxd5 cxd5 31. Ke3 Ke7 32. Kf4 f6 33. g4 h6 34. h4 Ke6 35. g5 fxg5+ 36. hxg5 h5 37. Kg3 Kd6 38. Ra5 Rf8 39. Rc5 Rf5 40. f4 h4+ 41. Kg4 Rf7 42. Rc2 h3 43. Rh2 Kc6 44. Rxh3 Kxb6 45. Rh6 Ka5 46. Rxg6 b5 47. Rf6 Rb7 48. g6 b4 49. Rf7 Rb8 50. g7 b3 51. Rf8 1-0